| 000 | 00514nam a2200181 a 4500 | ||
|---|---|---|---|
| 005 | 20140310183149.0 | ||
| 008 | 030428s19uu xx 00 eng d | ||
| 020 | _a0-07-120363-X | ||
| 050 |
_aTK 7888.3 _b.R675 2001 |
||
| 100 | _aRosenthal, Morris | ||
| 245 |
_aBuild Your Own PC / _cMorris Rosenthal. |
||
| 260 |
_aNew York : _bMcGraw Hill, _c2001. |
||
| 300 |
_axiv, 223 p. : _b ill. ; _c26 cm |
||
| 521 | _aIT | ||
| 546 | _aC0808 | ||
| 650 |
_aMicrocomputers _xdesign & construction |
||
| 942 |
_cBK _2lcc _kFOR |
||
| 999 |
_c19621 _d19621 |
||